000
00215 a2200097 4500
001
45494
100
_a
245
_a
How to read a balance sheet
260
_a
Geneva
_b
International labor
_c
090
_c
28654
_d
28654
942
_a
NUST-CAE
_c
M
_c
20729
999
_c
280567
_d
280567